| 000 | 00638cam a22002411 4500 | ||
|---|---|---|---|
| 001 | 8419031 | ||
| 005 | 20180105042823.0 | ||
| 008 | 720104s1959 nyua b 001 0 eng | ||
| 010 | _a 59010997 | ||
| 035 | _a(OCoLC)190679 | ||
| 040 |
_aDLC _cODaWU _dOCoLC _dDNLM _dDLC |
||
| 041 | _aeng | ||
| 042 | _apremarc | ||
| 060 | 0 |
_aBF 38 _bM272L 1959 |
|
| 080 | _a150.14 MAN | ||
| 082 | _a150.14 MAN | ||
| 100 | 1 | _a48 | |
| 101 | _aPSI | ||
| 245 | 1 | 4 |
_aThe language of psychology _c[by] George Mandler [and] William Kessen. |
| 504 | _aIncludes bibliography. | ||
| 906 |
_a7 _bcbc _coclcrpl _du _encip _f19 _gy-gencatlg |
||
| 942 |
_2ddc _cBK |
||
| 999 |
_c39786 _d39786 |
||